Central Library OPAC University of Rajshahi

Physics of hot plasmas: (Record no. 84073)

MARC details
000 -LEADER
fixed length control field 00942nam a2200265 a 4500
001 - CONTROL NUMBER
control field 84073
003 - CONTROL NUMBER IDENTIFIER
rucl marc code BD-RjUL
005 - DATE AND TIME OF LATEST TRANSACTION
control field 20241003124107.0
008 - FIXED-LENGTH DATA ELEMENTS--GENERAL INFORMATION
fixed length control field 241003s1970 stkaef b 100 0 eng
020 ## - INTERNATIONAL STANDARD BOOK NUMBER
International Standard Book Number 0050021265
035 ## - SYSTEM CONTROL NUMBER
System control number (BD-RjUL)84073
040 ## - CATALOGING SOURCE
Original cataloging agency DLC
Transcribing agency DLC
Modifying agency DLC
-- ICU
-- DLC
-- BD-RjUL
Language of cataloging eng
041 ## - LANGUAGE CODE
Language code of text/sound track or separate title eng
082 00 - DEWEY DECIMAL CLASSIFICATION NUMBER
Classification number 537.16
Author mark and year PHY 1970
111 2# - MAIN ENTRY--MEETING NAME
Meeting name or jurisdiction name as entry element Scottish Universities Summer School in Physics
Number of part/section/meeting (9th :
Date of meeting 1968 :
Location of meeting Newbattle Abbey)
9 (RLIN) 13696
245 10 - TITLE STATEMENT
Title Physics of hot plasmas:
Remainder of title Scottish Universities' Summer School, 1968 /
Statement of responsibility, etc. edited by B. J. Rye and J. C. Taylor.
260 ## - PUBLICATION, DISTRIBUTION, ETC. (IMPRINT)
Place of publication, distribution, etc. Edinburgh :
Name of publisher, distributor, etc. Oliver & Boyd,
Date of publication, distribution, etc. 1970.
300 ## - PHYSICAL DESCRIPTION
Pagination xv, 455 p., 7 plates :
Illustrations illus.;
Size 26 cm.
504 ## - BIBLIOGRAPHY, ETC. NOTE
Bibliography, etc Includes bibliographical references.
650 #0 - SUBJECT ADDED ENTRY--TOPICAL TERM
Topical term or geographic name as entry element High temperature plasmas
9 (RLIN) 13697
700 1# - ADDED ENTRY--PERSONAL NAME
Personal name Rye, B. J.
Fuller form of name (Barry John),
Relator term ed.
Personal name Taylor, J. C.
Fuller form of name (John Claude),
Relator term ed.
942 ## - ADDED ENTRY ELEMENTS (KOHA)
Source of classification or shelving scheme Dewey Decimal Classification
Koha item type Books
Holdings
Lost status Source of classification or shelving scheme Damaged status Not for loan Collection code Permanent Location Current Location Shelving location Date acquired Source of acquisition Total Checkouts Full call number Date last seen Copy number Koha item type
  Dewey Decimal Classification   Not For Loan Non-fiction Central Library, University of Rajshahi Central Library, University of Rajshahi Reading Room 19/09/2024 R.U.   537.16 PHY 1970 03/10/2024 C-1 Books